Aktuálne otázky nemeckej migračnej politiky
Základné východiská migračnej politiky. Normatívne východiská migračnej politiky. Nemecká migračná politika v historickej perspektíve. Aktuálne výzvy nemeckej migračnej politiky. Humanitárna politika verzus migračná politika. Etika zmýšľania verzus etika zodpovednosti. Einwanderungsland verzus Zuwan...
Salvato in:
| Autore principale: | |
|---|---|
| Natura: | Capitolo di libro |
| Lingua: | slovacco |
| Soggetti: | |
| Tags: |
Nessun Tag, puoi essere il primo ad aggiungerne!!
|
MARC
| LEADER | 00000nla a2200000 4500 | ||
|---|---|---|---|
| 001 | 0226690 | ||
| 005 | 20240502073732.3 | ||
| 041 | 0 | |a slo | |
| 044 | |a SK | ||
| 245 | 1 | 0 | |a Aktuálne otázky nemeckej migračnej politiky |c Marianna Dudášová |
| 520 | |a Základné východiská migračnej politiky. Normatívne východiská migračnej politiky. Nemecká migračná politika v historickej perspektíve. Aktuálne výzvy nemeckej migračnej politiky. Humanitárna politika verzus migračná politika. Etika zmýšľania verzus etika zodpovednosti. Einwanderungsland verzus Zuwanderungsland. Zlyhania multikulturalizmu – skutočné i domnelé. | ||
| 610 | 2 | 0 | |a migrácia nelegálna |
| 610 | 2 | 0 | |a utečenci |
| 610 | 2 | 0 | |a politika migračná |
| 610 | 2 | 0 | |a multikulturalizmus |
| 610 | 2 | 0 | |a etika |
| 610 | 2 | 0 | |a zodpovednosť |
| 610 | 2 | 0 | |a islam |
| 610 | 2 | 0 | |a Nemecko |
| 100 | 1 | |a Dudášová, Marianna | |